Aves de Patagonia y Tierra del Fuego chileno-argentina

Guardat en:
Dades bibliogràfiques
Autor principal: Venegas Canelo, Claudio (Autor)
Format: Llibre
Idioma:espanyol
Publicat: Punta Arenas Eds. de la Universidad de Magallanes 1986
Matèries:
Etiquetes: Afegir etiqueta
Sense etiquetes, Sigues el primer a etiquetar aquest registre!

MARC

LEADER 00000nam a2200000 a 4500
001 UCV5403
003 CL-VaPUC
008 930607e19860000CL |||||||||||||||||spa|d
082 0 4 |a 598.2982  |b VEN  |2 21 
100 0 |a Venegas Canelo, Claudio  |e author  |9 299736 
245 1 0 |a Aves de Patagonia y Tierra del Fuego chileno-argentina 
300 |a 79 p 
942 |c BK 
945 |d 19930607 00:00:00 
260 |a Punta Arenas  |b Eds. de la Universidad de Magallanes  |c 1986 
650 0 |a Aves  |9 262192 
651 0 |a Patagonia (Argentina y Chile)   |9 262193 
583 |a last modification  |c 19930607 00:00:00  |k Rodrigo Vera 
999 |c 211946  |d 211944 
952 |0 0  |1 0  |2 ddc  |4 0  |6 598_298200000000000_VEN_1986  |7 0  |8 CCM  |9 192000  |a BIBCUR  |b BIBCUR  |c PAC  |d 2019-11-14  |i 2595427  |o 598.2982 VEN 1986  |p 2595427  |r 2025-04-22  |w 2019-11-14  |y BK  |k CIM